[Event "GER-ch U25 op-B"]
[Site "Willingen"]
[Date "2024.05.24"]
[Round "8"]
[White "Uhlmann, Jonas"]
[Black "Kelembet, Maksym"]
[Result "1/2-1/2"]
[WhiteElo "1842"]
[BlackElo "1611"]
[PlyCount "94"]
[EventDate "2024.05.19"]
[EventType "swiss"]
[EventRounds "9"]
[EventCountry "GER"]
[SourceTitle "EXT 2025"]
[Source "ChessBase"]
[SourceDate "2024.10.14"]
[SourceVersion "1"]
[SourceVersionDate "2024.10.14"]
[SourceQuality "1"]

1. Nc3 d5 2. d4 Nf6 3. Bf4 a6 4. e3 c5 5. dxc5 e6 6. b4 b6 7. Rb1 bxc5 8. bxc5 Qa5 9. Qd2 Nc6 10. Rb6 Bd7 11. Bc7 Qxc5 12. Rb3 Na5 13. Bxa5 Qxa5 14. Nge2 Bb4 15. Qd4 Bxc3+ 16. Nxc3 Rc8 17. Bd3 Bb5 18. Bxb5+ axb5 19. 0-0 0-0 20. Rc1 Rc4 21. Qd3 b4 22. Nb1 Rfc8 23. a3 bxa3 24. Rxa3 Qc5 25. f3 h6 26. Nd2 Rxc2 27. Rxc2 Qxc2 28. Qxc2 Rxc2 29. Rd3 Kf8 30. h4 Ke7 31. Kf1 Kd6 32. g4 Kc5 33. g5 hxg5 34. hxg5 Nd7 35. f4 Nb6 36. Nf3 Nc4 37. Ke1 Kb4 38. Nd4 Rc3 39. Nc6+ Kb3 40. Rxc3+ Kxc3 41. Ke2 Nd6 42. Ne5 f6 43. gxf6 gxf6 44. Nd7 Ne4 45. Nf8 e5 46. fxe5 fxe5 47. Nd7 d4 1/2-1/2